Ekonomický a finančný slovník

Bibliographic Details
Main Authors: Bernard (Author), Colli (Author)
Other Authors: Guzmický, Jozef (Translator), Krajčovič, Michal (Translator)
Format: Book
Language:Slovak
English
French
German
Spanish
Published: Bratislava Práca 1992
Edition:1. vyd.
Series:Knižnica odborára
Subjects:

MARC

LEADER 00000cam a2200000 a 4500
001 vtls001069306
003 SK-MaSNL
005 20260301110915.0
008 231121s1992 xo frd 00000 slo
015 |a SNBA1992/10 
020 |a 807094272X  |q (viazané) 
035 |a SNK000012136 
035 |a 0D9941BF-ED62-456D-AE9C-F7EF88BE862A 
035 |a urn:nbn:sk:snk-am00iinn 
040 |a SNK  |b slo  |c SNK  |e AACR2 
041 1 |a slo  |a eng  |a fre  |a ger  |a spa  |h fre 
044 |a xo  |c SK 
072 7 |a 81  |x Lingvistika. Jazyky  |2 konspekt 
072 7 |a 33  |x Ekonómia  |2 konspekt 
080 |a 801.316.4:32  |2 1997 
080 |a 32  |2 1997 
080 |a 32(038)  |2 1997 
080 |a 33  |2 2011 
080 |a 336  |2 2011 
080 |a 81'373.46  |2 2011 
080 |a (038)81  |2 2011 
100 0 |a Bernard  |4 aut  |9 449622 
240 1 0 |a Vocaulaire économique et financier  |l Slovensky 
245 1 0 |a Ekonomický a finančný slovník  |c Bernard & Colli ; [z francúzskeho originálu Vocaulaire économique et financier ... preložili Jozef Guzmický a Michal Krajčovič] 
246 1 |i Obálkový podnázov:  |a financie, bankovníctvo, peňažný a kapitálový trh, dane, štatistika, hospodárske a finančné právo, zahraničný obchod, ekonomika : päťjazyčný 
250 |a 1. vyd. 
260 |a Bratislava  |b Práca  |c 1992  |e Bratislava  |f Svornosť 
300 |a 294 strán  |c 21 cm 
490 1 |a Knižnica odborára  |v zv. 3/92 
504 |a Obsahuje vecný register 
650 0 7 |a ekonómia  |2 SNKPH  |9 788 
650 0 7 |a financie  |2 SNKPH  |9 2205 
650 0 7 |a odborná terminológia  |2 SNKPH  |9 3616 
655 7 |a viacjazyčné prekladové slovníky  |2 SNKPH  |9 70749 
655 7 |a terminologické slovníky  |2 SNKPH  |9 70504 
700 0 |a Colli  |4 aut  |9 449623 
700 1 |a Guzmický, Jozef  |4 trl  |9 449624 
700 1 |a Krajčovič, Michal  |4 trl  |9 343860 
830 0 |a Knižnica odborára  |9 265915 
852 |a Slovenská národná knižnica 
919 |a 80-7094-272-X 
954 |a odborná, vedecká literatúra cudzojazyčná (svetová)  |2 lita 
958 |a TL 
958 |a OP 
958 |a OND 
958 |a EUIPO 
968 |b FR 
999 |c 704721  |d 706651 
952 |a SNK  |b SNK  |y VYP  |7 0  |p 17A0526323  |o snkSC 82181 D1  |i snkKSP 6243/92  |0 0  |1 0  |4 0  |d 2006-11-27  |l 0  |r 2026-02-23 21:12:04  |w 2026-02-23 
952 |a SNK  |b SNK  |y PREZ  |7 0  |p 17A0995302  |o snkSC 82181  |i snkKSP 6242/92  |0 0  |1 0  |4 0  |d 2012-08-15  |f 1  |l 0  |r 2025-08-19 00:00:00  |w 2026-02-23 
952 |t snkBER 33(038)  |a SNKUST  |b SNKUST  |y PREZ  |7 0  |p 17A0063702  |o snkSC 82181 D2  |i snk2012/6916  |8 5  |0 0  |1 0  |4 0  |d 1997-05-13  |l 0  |r 2025-04-29 00:00:00  |w 2026-02-23